000 00573nam a2200241Ia 4500
003 OSt
005 20221005120548.0
006 a|||||r|||| 00| 0
007 ta
008 221004b |||||||| |||| 00| 0 mar d
024 _a40317
037 _cTextual
040 _aCRL
_cCRL
_bmar
041 _2mar
_amar
082 _aO155,2N20,2, J8
100 _aSathe
245 0 _aEnamdar
260 _c1958
300 _a56p.
_ccm.
650 _aMARATHI LITERATURE
_938000
942 _hO155,2N20,2, J8
_cTEXL
_2cc
999 _c1038435
_d1038435